| 000 | 00897nam a2200265Ia 4500 | ||
|---|---|---|---|
| 003 | OSt | ||
| 005 | 20221005090813.0 | ||
| 006 | a|||||r|||| 00| 0 | ||
| 007 | ta | ||
| 008 | 221004b |||||||| |||| 00| 0 eng d | ||
| 020 |
_a9781555705152 (pbk) _c3480.75 |
||
| 024 | _a101681 | ||
| 037 |
_b5679, 24/02/2010, Efficient Book Distributors _cTextual |
||
| 040 |
_aCRL _cCRL _beng |
||
| 041 |
_2eng _aeng |
||
| 082 | _aT:3(D65,8(2:55)), P5 | ||
| 100 |
_aGrassian Esther S. _923043 |
||
| 245 | 0 | _aLearning to lead and manage information literacy instruction | |
| 260 |
_aNew York _bNeil Schuman Publishers USA _c2005 |
||
| 300 |
_axxii,322p. _ccm. |
||
| 650 | _aEDUCATION | ||
| 700 |
_a Kaplowitz Joan R. _936137 |
||
| 942 |
_hT:3(D65,8(2:55)), P5 _cTEXL _2cc |
||
| 999 |
_c996420 _d996420 |
||